| 000 | 00589nam a2200217Ia 4500 | ||
|---|---|---|---|
| 003 | OSt | ||
| 005 | 20241010055024.0 | ||
| 008 | 240925s9999 xx 000 0 und d | ||
| 020 | _aNA | ||
| 040 | _cدف | ||
| 082 | _a297.4393 CHU | ||
| 100 | _aChugtai, Asmat | ||
| 245 | 0 | _aAik Qatra Khoon: dastan e Karbala (ایک قطرہ خون: داستان کربلا) | |
| 250 | _aNA | ||
| 260 |
_aKarachi: _bShoaib Publication _c,2015. |
||
| 300 |
_axxvii, 529p. _b0 _fOriginal |
||
| 500 | _aInclude CIP | ||
| 600 | _aHumanities & Natural Science | ||
| 650 | _aReligion | ||
| 942 |
_cBK _2ddc |
||
| 999 |
_c14313 _d14313 |
||